| 000 | 00984 a2200253 4500 | ||
|---|---|---|---|
| 999 |
_c5586 _d5586 |
||
| 005 | 20181128143939.0 | ||
| 010 | _aB-283409, B-253712 | ||
| 020 |
_a8190183486 _c125.00 |
||
| 035 | _aB-283409 | ||
| 035 | _aB-253708, B-253712 | ||
| 037 | _bB.P.P.D/D.B.Act/pub | ||
| 082 | _aक | ||
| 100 | _aसुमित कुमार | ||
| 245 |
_aमुल्ला नसरूद्दीन _cसुमित कुमार |
||
| 246 | _a Mulla nasiruddeen | ||
| 260 |
_aदिल्ली _bममता पुरकाशन _c2007 |
||
| 270 |
_aई-5/13,लाजपतराय चौक ,कृष्णनगर,न. _bदिल्ली _e110051 |
||
| 300 |
_a80 पृ _c24सेमी (सजिल्द) |
||
| 490 | _aबाल चित्र कथाएँ | ||
| 650 | _aहिन्दी कहानियाँ | ||
| 650 | _aHindi Stories | ||
| 942 |
_adpl _cCH _kक / सुमित _2ddc _hक _mसुमित |
||